| 000 | 00749nam a2200229Ia 4500 | ||
|---|---|---|---|
| 008 | 130821s1996 xxua gr eng | ||
| 020 | _a0 419 18970 X | ||
| 040 |
_aCo-BoUCM _bspa |
||
| 041 | 0 | 0 | _aeng |
| 100 | 1 |
_aPick, John _9169310 |
|
| 245 | 1 | 0 |
_aArts Administration _cJohn Pick y Malcolm Anderton |
| 250 | _a2nd ed. | ||
| 260 |
_aNueva York (Estados Unidos) _bSpon Press _c1996 |
||
| 300 |
_a179 páginas _bgráficas |
||
| 504 | _aIncluye referencias bibliográficas e índice. | ||
| 650 |
_aArte _99444 |
||
| 650 |
_aArte _xAdministración _99444 |
||
| 650 |
_aArte _xAdministración _zGran Bretaña _99444 |
||
| 700 | 1 |
_aAnderton, Malcolm _9169311 |
|
| 942 |
_cLIBRO _2DEWEY _a17 _e2 _h700.68 _mP594a |
||
| 999 |
_c75810 _d75810 |
||